| 000 | 00517nam a22001937a 4500 | ||
|---|---|---|---|
| 005 | 20250718123240.0 | ||
| 010 | _aENG-146015 | ||
| 020 |
_c295.00 _a9788176710640 |
||
| 035 | _aEN-129547 | ||
| 037 | _bDBAD | ||
| 082 | _a519.72 | ||
| 100 |
_aSrinath, L.S. _983076 |
||
| 245 |
_aApplied Linear Programming/ _cL.S. Srinath |
||
| 250 | _a1 | ||
| 260 |
_bEast West Press Private Limited _aIndIa _c2010 |
||
| 300 |
_a348p. _c25cm(pb) |
||
| 500 | _aIncludes Index | ||
| 942 |
_2ddc _cEN _h519.72 _mSRI |
||
| 999 |
_c212427 _d212427 |
||